All-Time Premier League Table - Statistics

General Stats
  • This quiz has been taken 410 times
    273 since last reset
  • The average score is 18 of 51
Answer Stats
Club % Correct
{Manchester} United
100%
Arsenal
90%
{Manchester} City
88%
Chelsea
86%
Liverpool
86%
{Tottenham} {Hotspur}
76%
{Newcastle} United
71%
Everton
68%
{West} {Ham} United
55%
{Aston} {Villa}
52%
{West} {Bromwich} Albion
52%
{Bolton} Wanderers
48%
{Brighton} & {Hove} Albion
48%
{Wolverhampton} Wanderers
48%
{Leeds} United
45%
{Leicester} City
42%
{Charlton} Athletic
38%
{Derby} County
37%
{Luton} Town
33%
{Wigan} Athletic
33%
{Ipswich} Town
32%
{Sheffield} United
30%
Southampton
29%
{Crystal} {Palace}
28%
Fulham
28%
{Queen's} {Park} {Rangers}
28%
{Huddersfield} Town
25%
{Hull} City
25%
{Stoke} City
25%
{Blackburn} {Rovers}
24%
Sunderland
24%
Brentford
23%
Burnley
23%
{Norwich} City
22%
{Nottingham} {Forest}
21%
{Birmingham} City
19%
{Oldham} Athletic
19%
{Cardiff} City
18%
{Coventry} City
18%
{Swansea} City
18%
Bournemouth
17%
{Sheffield} {Wednesday}
17%
{Swindon} Town
16%
Middlesbrough
15%
Blackpool
14%
Portsmouth
14%
Reading
14%
Watford
14%
{Bradford} City
13%
Barnsley
11%
Wimbledon†
11%
No matching quizzes found
Score Distribution
Percent of People with Each Score
Percentile by Number Answered
Your Score History
You have not taken this quiz since the last reset